LEADER 01806oam 2200481M 450 001 9910716157303321 005 20200213070921.1 035 $a(CKB)5470000002518542 035 $a(OCoLC)1065607469 035 $a(OCoLC)995470000002518542 035 $a(EXLCZ)995470000002518542 100 $a20071213d1926 ua 0 101 0 $aeng 135 $aurcn||||||||| 181 $ctxt$2rdacontent 182 $cc$2rdamedia 183 $acr$2rdacarrier 200 10$aTransferring jurisdiction over United States reservation No. 248. January 16 (calendar day, January 20), 1926. -- Ordered to be printed 210 1$a[Washington, D.C.] :$c[U.S. Government Printing Office],$d1926. 215 $a1 online resource (2 pages) 225 1 $aSenate report / 69th Congress, 1st session. Senate ;$vno. 65 225 1 $a[United States congressional serial set] ;$v[serial no. 8524] 300 $aBatch processed record: Metadata reviewed, not verified. Some fields updated by batch processes. 300 $aFDLP item number not assigned. 517 $aTransferring jurisdiction over United States reservation No. 248. January 16 606 $aAdministrative law 606 $aLand use 606 $aLegislative amendments 606 $aSewerage 608 $aLegislative materials.$2lcgft 615 0$aAdministrative law. 615 0$aLand use. 615 0$aLegislative amendments. 615 0$aSewerage. 701 $aCapper$b Arthur$f1865-1951$pRepublican (KS)$01386839 801 0$bWYU 801 1$bWYU 801 2$bOCLCO 801 2$bOCLCQ 906 $aBOOK 912 $a9910716157303321 996 $aTransferring jurisdiction over United States reservation No. 248. January 16 (calendar day, January 20), 1926. -- Ordered to be printed$93447390 997 $aUNINA